<?xml version="1.0" encoding="UTF-8"?>
<record
    xmlns:xsi="http://www.w3.org/2001/XMLSchema-instance"
    xsi:schemaLocation="http://www.loc.gov/MARC21/slim http://www.loc.gov/standards/marcxml/schema/MARC21slim.xsd"
    xmlns="http://www.loc.gov/MARC21/slim">

  <leader>01996    a2200289   4500</leader>
  <controlfield tag="003">NALT</controlfield>
  <controlfield tag="005">20260227155011.0</controlfield>
  <controlfield tag="008">250619b        th ||||| |||| 00| 0 tha d</controlfield>
  <datafield tag="020" ind1=" " ind2=" ">
    <subfield code="a">9786162876103</subfield>
  </datafield>
  <datafield tag="040" ind1=" " ind2=" ">
    <subfield code="a">NALT</subfield>
  </datafield>
  <datafield tag="041" ind1="1" ind2=" ">
    <subfield code="a">tha</subfield>
    <subfield code="h">jpn</subfield>
  </datafield>
  <datafield tag="050" ind1=" " ind2=" ">
    <subfield code="a">BJ 1594.5.J3</subfield>
    <subfield code="b">&#xE04;949&#xE16; 2566</subfield>
  </datafield>
  <datafield tag="100" ind1="1" ind2=" ">
    <subfield code="a">&#xE42;&#xE04;&#xE17;&#xE32;&#xE42;&#xE23;&#xE48;, &#xE17;&#xE32;&#xE21;&#xE38;&#xE23;&#xE30;.</subfield>
    <subfield code="9">66160</subfield>
  </datafield>
  <datafield tag="245" ind1="1" ind2="0">
    <subfield code="a">&#xE16;&#xE36;&#xE07;&#xE42;&#xE21;&#xE42;&#xE2B;&#xE01;&#xE47;&#xE2D;&#xE22;&#xE48;&#xE32;&#xE2A;&#xE39;&#xE49;&#xE01;&#xE31;&#xE1A;&#xE04;&#xE19;&#xE42;&#xE07;&#xE48; =</subfield>
    <subfield code="b">Atama ni kitemo aho towa tatakauna / </subfield>
    <subfield code="c">&#xE17;&#xE32;&#xE21;&#xE38;&#xE23;&#xE30; &#xE42;&#xE04;&#xE17;&#xE32;&#xE42;&#xE23;&#xE48;, &#xE40;&#xE02;&#xE35;&#xE22;&#xE19; ; &#xE0A;&#xE31;&#xE0D;&#xE1E;&#xE31;&#xE2A; &#xE27;&#xE23;&#xE28;&#xE31;&#xE01;&#xE14;&#xE34;&#xE4C;, &#xE41;&#xE1B;&#xE25;.</subfield>
  </datafield>
  <datafield tag="260" ind1=" " ind2=" ">
    <subfield code="a">&#xE01;&#xE23;&#xE38;&#xE07;&#xE40;&#xE17;&#xE1E;&#xE2F; :</subfield>
    <subfield code="b">&#xE27;&#xE35;&#xE40;&#xE25;&#xE34;&#xE23;&#xE4C;&#xE19;,</subfield>
    <subfield code="c">2566.</subfield>
  </datafield>
  <datafield tag="300" ind1=" " ind2=" ">
    <subfield code="a">279 &#xE2B;&#xE19;&#xE49;&#xE32; ; </subfield>
    <subfield code="c">19 &#xE0B;&#xE21;.</subfield>
  </datafield>
  <datafield tag="505" ind1="2" ind2=" ">
    <subfield code="a">&#xE1A;&#xE17;&#xE17;&#xE35;&#xE48; 1 &#xE2A;&#xE39;&#xE49;&#xE01;&#xE31;&#xE1A;&#xE04;&#xE19;&#xE42;&#xE07;&#xE48;&#xE44;&#xE1B;&#xE01;&#xE47;&#xE40;&#xE2A;&#xE35;&#xE22;&#xE40;&#xE27;&#xE25;&#xE32;&#xE40;&#xE1B;&#xE25;&#xE48;&#xE32; &#xE46; -- &#xE1A;&#xE17;&#xE17;&#xE35;&#xE48; 2 &#xE01;&#xE25;&#xE22;&#xE38;&#xE17;&#xE18;&#xE4C;&#xE01;&#xE32;&#xE23;&#xE2A;&#xE37;&#xE48;&#xE2D;&#xE2A;&#xE32;&#xE23;&#xE2A;&#xE33;&#xE2B;&#xE23;&#xE31;&#xE1A;&#xE04;&#xE19;&#xE02;&#xE35;&#xE49;&#xE02;&#xE25;&#xE32;&#xE14; -- &#xE1A;&#xE17;&#xE17;&#xE35;&#xE48; 3 &#xE01;&#xE25;&#xE22;&#xE38;&#xE17;&#xE18;&#xE4C; "&#xE25;&#xE48;&#xE2D;&#xE25;&#xE27;&#xE07;" &#xE17;&#xE35;&#xE48;&#xE0A;&#xE48;&#xE27;&#xE22;&#xE14;&#xE36;&#xE07;&#xE04;&#xE19;&#xE2D;&#xE37;&#xE48;&#xE19;&#xE21;&#xE32;&#xE40;&#xE1B;&#xE47;&#xE19;&#xE1E;&#xE27;&#xE01; -- &#xE1A;&#xE17;&#xE17;&#xE35;&#xE48; 4 &#xE04;&#xE27;&#xE32;&#xE21;&#xE40;&#xE01;&#xE35;&#xE48;&#xE22;&#xE27;&#xE1E;&#xE31;&#xE19;&#xE2D;&#xE22;&#xE48;&#xE32;&#xE07;&#xE43;&#xE01;&#xE25;&#xE49;&#xE0A;&#xE34;&#xE14; &#xE23;&#xE30;&#xE2B;&#xE27;&#xE48;&#xE32;&#xE07;&#xE2D;&#xE33;&#xE19;&#xE32;&#xE08;&#xE41;&#xE25;&#xE30;&#xE01;&#xE32;&#xE23;&#xE1B;&#xE23;&#xE30;&#xE40;&#xE21;&#xE34;&#xE19;&#xE04;&#xE38;&#xE13;&#xE04;&#xE48;&#xE32; -- &#xE1A;&#xE17;&#xE17;&#xE35;&#xE48; 5 &#xE2D;&#xE22;&#xE48;&#xE32;&#xE44;&#xE1B;&#xE2A;&#xE19;&#xE43;&#xE08;&#xE2A;&#xE32;&#xE22;&#xE15;&#xE32;&#xE02;&#xE2D;&#xE07;&#xE04;&#xE19;&#xE2D;&#xE37;&#xE48;&#xE19; --
&#xE1A;&#xE17;&#xE2A;&#xE48;&#xE07;&#xE17;&#xE49;&#xE32;&#xE22; &#xE08;&#xE07;&#xE2A;&#xE39;&#xE49;&#xE01;&#xE31;&#xE1A;&#xE15;&#xE31;&#xE27;&#xE40;&#xE2D;&#xE07;&#xE41;&#xE17;&#xE19;&#xE17;&#xE35;&#xE48;&#xE08;&#xE30;&#xE2A;&#xE39;&#xE49;&#xE01;&#xE31;&#xE1A;&#xE04;&#xE19;&#xE42;&#xE07;&#xE48;!.</subfield>
  </datafield>
  <datafield tag="650" ind1=" " ind2="4">
    <subfield code="a">&#xE01;&#xE32;&#xE23;&#xE14;&#xE33;&#xE40;&#xE19;&#xE34;&#xE19;&#xE0A;&#xE35;&#xE27;&#xE34;&#xE15;</subfield>
    <subfield code="9">4418</subfield>
  </datafield>
  <datafield tag="650" ind1=" " ind2="4">
    <subfield code="a">&#xE21;&#xE19;&#xE38;&#xE29;&#xE22;&#xE2A;&#xE31;&#xE21;&#xE1E;&#xE31;&#xE19;&#xE18;&#xE4C;</subfield>
    <subfield code="9">40687</subfield>
  </datafield>
  <datafield tag="700" ind1="1" ind2=" ">
    <subfield code="a">Kotaro, Tamura</subfield>
    <subfield code="9">66199</subfield>
  </datafield>
  <datafield tag="700" ind1="0" ind2=" ">
    <subfield code="a">&#xE0A;&#xE31;&#xE0D;&#xE1E;&#xE31;&#xE2A; &#xE27;&#xE23;&#xE28;&#xE31;&#xE01;&#xE14;&#xE34;&#xE4C; </subfield>
    <subfield code="9">66200</subfield>
  </datafield>
  <datafield tag="942" ind1=" " ind2=" ">
    <subfield code="c">GB</subfield>
    <subfield code="2">lcc</subfield>
  </datafield>
  <datafield tag="996" ind1=" " ind2=" ">
    <subfield code="a">jidapa.t</subfield>
    <subfield code="b">ACQSTF</subfield>
    <subfield code="c">2025-06-19</subfield>
  </datafield>
  <datafield tag="996" ind1=" " ind2=" ">
    <subfield code="a">varee.k</subfield>
    <subfield code="b">LIBSTF</subfield>
    <subfield code="c">2025-06-20</subfield>
  </datafield>
  <datafield tag="996" ind1=" " ind2=" ">
    <subfield code="a">saiphon.d</subfield>
    <subfield code="b">CATSTF	</subfield>
    <subfield code="c">2025-06-25</subfield>
  </datafield>
  <datafield tag="999" ind1=" " ind2=" ">
    <subfield code="c">106891</subfield>
    <subfield code="d">106891</subfield>
  </datafield>
  <datafield tag="998" ind1=" " ind2=" ">
    <subfield code="j">8</subfield>
    <subfield code="k"> &#xE19;&#xE32;&#xE22;&#xE1A;&#xE31;&#xE13;&#xE11;&#xE34;&#xE15;  &#xE2D;&#xE38;&#xE17;&#xE32;&#xE27;&#xE07;&#xE04;&#xE4C;</subfield>
  </datafield>
  <datafield tag="952" ind1=" " ind2=" ">
    <subfield code="0">0</subfield>
    <subfield code="1">0</subfield>
    <subfield code="2">lcc</subfield>
    <subfield code="4">0</subfield>
    <subfield code="7">0</subfield>
    <subfield code="8">CGBL</subfield>
    <subfield code="a">NALT</subfield>
    <subfield code="b">NALT</subfield>
    <subfield code="c">GEN</subfield>
    <subfield code="d">2025-06-05</subfield>
    <subfield code="e">192</subfield>
    <subfield code="l">4</subfield>
    <subfield code="m">3</subfield>
    <subfield code="o">BJ 1594.5.J3 &#xE04;949&#xE16; 2566</subfield>
    <subfield code="p">3961215410</subfield>
    <subfield code="r">2026-03-12 00:00:00</subfield>
    <subfield code="s">2026-02-27</subfield>
    <subfield code="w">2025-06-05</subfield>
    <subfield code="y">GB</subfield>
  </datafield>
</record>
